LDR 00736naa#a2200169#i#450# 001 EN\\bibl\121246 005 20260605182016.5 011 ## _a2073-0454 100 ## _a20251219b2025####ek#y0engy0150####ca 102 ## _aRU 200 1# _aThe theory of expert prevention in the perspective of the prognostic function of forensic expertise _eJournal article 210 1# _aMoscow _cMoscow University of the Ministry of Internal Affairs of Russia named after V.Ya. Kikot _d2025 215 ## _a7 с. 608 ## _aJournal article _2local 675 ## _aУголовное право. Уголовное судопроизводство. Криминология. Криминалистика. 343 _z 700 #1 _aD'yakonova _gOksana Gennad'evna 856 4# _amosumvd.editorum.ru _u